K otázke ekotoxikológie cudzorodých látok

Bibliographic Details
Main Authors: Rosival, Ladislav, 1924-2016 (Author), Uhnák, J. (Author), Maďarič, Alexander (Author)
Format: Article
Language:Slovak
PhysicalDescription:Tb. 2. Res. rus., angl., lit. 14 zázn. v slov., angl., nem.
Subjects:

MARC

LEADER 00000nab a2200000 a 4500
001 vtls000238635
003 SK-MaSNL
005 20260304225631.0
008 220422c1985 xo 0 slo
015 |a SNBRB19rr/mm-uuuuu 
035 |a CL0248749 
040 |a SNKBUCL  |b slo  |c SNKBUCL  |e AACR2 
041 0 |a slo 
044 |a xo  |c SK 
080 |a 614.72+613.2  |2 1981 
080 |a 613.2  |2 1981 
080 |a 546.762  |2 1981 
100 1 |a Rosival, Ladislav,  |d 1924-2016  |4 aut  |9 209712 
245 1 0 |a K otázke ekotoxikológie cudzorodých látok  |c L. Rosival, J. Uhnák, A. Maďarič 
300 |b Tb. 2. Res. rus., angl., lit. 14 zázn. v slov., angl., nem. 
650 0 7 |a životné prostredie  |2 snkbucl  |9 786 
650 0 7 |a potraviny  |2 snkbucl  |9 1614 
650 0 7 |a zlúčeniny chlórované  |2 snkbucl  |9 1226221 
655 7 |a články z novín a časopisov  |2 snkbucl  |9 267496 
700 1 |a Uhnák, J.  |4 aut  |9 656153 
700 1 |a Maďarič, Alexander  |4 aut  |9 785524 
773 0 |t Československá hygiena  |g Roč. 30, č. 10 (1985), s. 560-565 
850 |a Slovenská národná knižnica v Martine  |a MTA001 
852 |a SNK  |b KIS3GCP 
958 |a NB 
958 |a RK 
958 |a ME 
992 |a RBX 
999 |c 3178821  |d 3180751